| 000 | 00984nas a2200325 4500 | ||
|---|---|---|---|
| 001 | BR0700053 | ||
| 003 | BR-BrBNA | ||
| 005 | 20231205110445.0 | ||
| 007 | ta | ||
| 008 | 230509b bl.|||p| |||| 00| 00por d | ||
| 040 |
_aBR-BrBNA _bpor _cBiblioteca Nacional de Agricultura |
||
| 041 | _a(Pt) | ||
| 072 | _aQ03 | ||
| 100 | 1 | _aPrado, G. | |
| 100 | 1 | _aCarvalho, E.P. de | |
| 100 | 1 | _aMadeira, J.E.G.C. | |
| 100 | 1 | _aMorais, V.A.D. | |
| 100 | 1 | _aOliveira, M.S. de | |
| 100 | 1 | _aCorrêa, R.F. | |
| 100 | 1 | _aCardoso, V.N. | |
| 245 | 1 | _aEfeito da irradiação gama (60Co)na frequência fúngica de amendoim in natura em função do tempo de prateleira | |
| 650 | _aAMENDOIM | ||
| 650 | _aIRRADIAÇÃO | ||
| 650 | _aRAIO GAMA | ||
| 650 | _aAFLATOXINA | ||
| 650 | _aVIDA-DE-PRATELEIRA | ||
| 773 | 0 |
_tCiência e Agrotecnologia (Brazil) _xISSN 1413-7054 _g(Sep-Oct 2006), v. 30(5) p. 930-936 _wBR0700053 |
|
| 909 |
_a202311 _bLúcia _c55 _dLúcia Elande |
||
| 942 |
_2AGRIS _n0 _cANA |
||
| 999 |
_c187470 _d187470 |
||